000 00487nam a2200169Ia 4500
008 230917s9999||||xx |||||||||||||| ||und||
020 _cRS 150.00
040 _e5009129
_aMAIN
041 _aEnglish
082 _a294.5563092 D33L:M
100 _aLakshman
245 0 _aMaharshi Dayanand ke prerak prasang
260 _bVijaykumar Govindram Hasanand
_c2010
300 _a259 p.
500 _a4558 04/03/2022 HBD22/9287 04/03/2022 Centre for Maharishi Danyand Vedic Studi
942 _cBK
999 _c5587
_d5587